Normal view
MARC view
Entry Topical Term
001 - CONTROL NUMBER
- control field: 34682
003 - CONTROL NUMBER IDENTIFIER
- control field: OSt
005 - DATE AND TIME OF LATEST TRANSACTION
- control field: 20160127134146.0
008 - FIXED-LENGTH DATA ELEMENTS
- fixed length control field: 160127|| aca||aabn | a|a d
040 ## - CATALOGING SOURCE
- Original cataloging agency: OSt
- Transcribing agency: OSt
150 ## - HEADING--TOPICAL TERM
- Topical term or geographic name entry element: Social Problem Services
670 ## - SOURCE DATA FOUND
- Source citation: Work cat.: (OSt)30701: डॉ बसन्तीलाल बाबेल 34681, न्यायिक विज्ञान , 1997









